000 00496cam a22001812 4500
001 0000000968
005 20170406113025.0
008 131121s xx 000 0 eng d
020 _c$
040 _aYour Holding Symbol
_cYour Holding Symbol
100 1 _aPoschmann,Bernhard.
245 1 0 _aPenance and the anointing of the sic.
250 _a ed.
260 _amontreal :
_bpalm bublishers,
_c1964.
300 _a257 p. ;
_c cm.
650 0 _atheology.
908 _a131121
999 _c887
_d887